| 000 | 02046nam0a2200469 4500 | ||
|---|---|---|---|
| 001 | RU\NLR\BIBL_A\012235010 | ||
| 005 | 20200324135520.0 | ||
| 010 |
_a978-5-9614-3043-1 _92000 |
||
| 021 |
_aRU _bКН-П-20-003692 _9КН-П-20-0272 |
||
| 035 | _a(NLR Aleph) 012235010 | ||
| 035 | _a(RuMoRGB)010240389 | ||
| 090 |
_a11004853 _c11004853 |
||
| 100 | _a20200303d2020 b y0rusy50 ca | ||
| 101 | 0 | _arus | |
| 102 | _aRU | ||
| 105 | _aa z 000zy | ||
| 181 | 0 |
_ai _baxxe |
|
| 182 | 0 | _an | |
| 200 | 1 |
_aБелое зеркало _eучебник по интерактивному сторителлингу в кино, VR и иммерсивном театре _fАнтон Уткин и Ната Покровская |
|
| 203 |
_aТекст _bвизуальный _cнепосредственный |
||
| 210 |
_aМосква _cАльпина Паблишер _d2020 |
||
| 215 |
_a234, [1] с. _cцв. ил. _d22 |
||
| 320 | _aБиблиогр. в тексте | ||
| 333 | _a0+ | ||
| 606 | 1 |
_aТеатр _jУчебные издания _xИнформационные технологии _92441170 _3RU\NLR\AUTH\6601670086 |
|
| 606 | 1 |
_aКиноискусство _jУчебные издания _xИнформационные технологии _92555319 _3RU\NLR\AUTH\661511869 |
|
| 606 | 1 |
_aТеатр и зритель _jУчебные издания _xИнтерактивное взаимодействие _xПсихологические основы _92441706 _3RU\NLR\AUTH\6601670352 |
|
| 610 | 0 | _aинтерактивный сторителлинг | |
| 610 | 0 | _aкино | |
| 610 | 0 | _aтеатр | |
| 686 | 1 | _aЩ330,0я7 | |
| 686 | 1 | _aЩ370,0я7 | |
| 686 | 1 | _aЮ945.463я7 | |
| 686 | 1 | _aЮ802.453.3я73 | |
| 686 | 1 | _aС550.564я73 | |
| 700 | 1 |
_aУткин _bА. _gАнтон |
|
| 701 | 1 |
_aПокровская _bН. _cрежиссер, сценарист _gНата _9217204 _3RU\NLR\AUTH\770217260 |
|
| 942 | _cBOOK | ||
| 980 | _aNBR | ||
| 980 | _aNB | ||